In place-out of place: geography, ideology, and transgression

Uloženo v:
Podrobná bibliografie
Hlavní autor: Cresswell, Tim (Autor)
Médium: Kniha
Jazyk:angličtina
Vydáno: Minneapolis University of Minneasota Press 1996
Vydání:1a. ed
Témata:
Tagy: Přidat tag
Žádné tagy, Buďte první, kdo vytvoří štítek k tomuto záznamu!

MARC

LEADER 00000cam a2200000 a 4500
001 UCD5942
003 CL-VaPUC
008 161104e19960000us |||||||||||||||||eng|d
020 |a 0816623880 
020 |a 0816623899 
082 0 4 |a 910  |b CRE  |2 21 
100 0 |a Cresswell, Tim  |e author  |9 589715 
245 1 0 |a In place-out of place: geography, ideology, and transgression 
250 |a 1a. ed 
300 |a 201 p 
942 |c BK 
945 |d 20161104 11:00:00  |a arojas 
260 |a Minneapolis  |b University of Minneasota Press  |c 1996 
650 0 |a Geografía  |9 259346 
650 0 |a Filosofía de las ciencias  |9 256466 
583 |a last modification  |c 20161104 11:00:00  |k Rodrigo Vera 
999 |c 366445  |d 366443 
952 |0 0  |1 0  |3 erb  |4 0  |6 910_000000000000000_CRE_1996  |7 0  |8 A  |9 480687  |a BIBING  |b BIBING  |i 5346363  |l 2  |o 910 CRE 1996  |p 5346363  |r 2025-05-07  |s 2024-09-10  |w 2019-11-24  |y BK  |z Catalogado en:20161104  |k GEO